K vedeckej problematike marketingu

Otázky vedeckosti marketingu ako funkčnej ekonomickej disciplíny. Marketingová teória. Metodologické pravidlá. Pojem marketing. Analýza vypovedacej hodnoty marketingu. Vzťah marketingovej teórie a praxe.

Salvato in:
Dettagli Bibliografici
Autore principale: Lesáková, Dagmar, 1949-
Natura: Capitolo di libro
Lingua:slovacco
Soggetti:
Tags: Aggiungi Tag
Nessun Tag, puoi essere il primo ad aggiungerne!!

MARC

LEADER 00000naa a2200000 4500
001 r033072
005 20230918075357.9
041 0 |a slo 
044 |a SK 
245 1 0 |a K vedeckej problematike marketingu  |c Dagmar Lesáková 
520 |a Otázky vedeckosti marketingu ako funkčnej ekonomickej disciplíny. Marketingová teória. Metodologické pravidlá. Pojem marketing. Analýza vypovedacej hodnoty marketingu. Vzťah marketingovej teórie a praxe. 
610 2 0 |a marketing 
610 2 0 |a pojmy 
610 2 0 |a teória a prax 
610 2 0 |a ponuka 
610 2 0 |a dopyt 
610 2 0 |a politika cenová 
610 2 0 |a reklama 
610 2 0 |a imidž 
610 2 0 |a nástroje marketingové 
100 1 |a Lesáková, Dagmar, 1949-